| 000 | 00704cab a2200217 4500 | ||
|---|---|---|---|
| 001 | WB3109-27 | ||
| 008 | 090401t1995 xxu||||| |||| 00| 0 eng d | ||
| 035 | _a(Sirsi) u15532 | ||
| 041 | _aeng | ||
| 245 | _aLimestone advisory panel | ||
| 260 | _c1995 | ||
| 350 | _a0 | ||
| 490 |
_aDoE News Release _v(87) 23 February 1995, (2) |
||
| 520 | _aThe Black Country Limestone Advisory Panel, set up in 1983 to advise on monitoring of and remedial work to limestone mines, is to cease operation 31 March 1995. | ||
| 650 | _aBLACK COUNTRY LIMESTONE ADVISORY PANEL | ||
| 650 | _aDERELICT LAND GRANTS | ||
| 650 | _aLIMESTONE MINES | ||
| 690 | _aMINING AND MINERALS | ||
| 942 | _n0 | ||
| 948 | _c04/03/1997 | ||
| 999 |
_c10196 _d10196 |
||